Statistics for NFL Teams with a Unique First Letter

Click here to take the quiz!

General Stats

  • This quiz has been taken 329 times
  • The average score is 5 of 6

Answer Stats

LetterNickname% Correct
DDolphins
95%
EEagles
92%
LLions
89%
FFalcons
86%
VVikings
86%
GGiants
84%

Score Distribution

Percentile by Number Answered

Percent of People with Each Score

Your Score History

You have not taken this quiz